Historia de la Nación Argentina. desde los orígenes hasta la organización definitiva en 1862 / Vol. III :

Guardado en:
Otros Autores: Altamira, Rafael., Ots, José., Levene, Ricardo., Barreda Laos, Felipe., Calmón, Pedro., de Gandía, Enrique., Cardozo, Efraim., Levillier, Roberto., Lizondo Borda, Manuel., Figuerero, Manuel V., Torre Revello, José., Verdaguer, Monseñor José A., Falcao Espalter, Mario., Furlong Cardiff, Guillermo S. J.
Formato: Libro
Idioma:Spanish
Publicado: Buenos Aires : El Ateneo, 1961.
Edición:3a. ed.
Materias:
Etiquetas: Agregar Etiqueta
Sin Etiquetas, Sea el primero en etiquetar este registro!
LEADER 01190nam a2200325 a 4500
001 DER.der015532
008 251117s1961####ag#abcogr#####001#0#spa##
005 20251117190424.0
245 0 0 |a Historia de la Nación Argentina.  |n Vol. III :  |b desde los orígenes hasta la organización definitiva en 1862 /  |c producida por Academia Nacional de la Historia. 
250 |a 3a. ed. 
260 a B |a Buenos Aires :  |b El Ateneo,  |c 1961. 
300 |a 394 p. 
505 0 |a Colonización y organización de Hispano América. Adelantados y gobernadores del Río de la Plata. 
700 1 |a Levene, Ricardo.,  |e dir. 
700 1 |a Altamira, Rafael. 
700 1 |a Ots, José. 
700 1 |a Levene, Ricardo. 
700 1 |a Barreda Laos, Felipe. 
700 1 |a Calmón, Pedro. 
700 1 |a de Gandía, Enrique. 
700 1 |a Cardozo, Efraim. 
700 1 |a Levillier, Roberto. 
700 1 |a Lizondo Borda, Manuel. 
700 1 |a Figuerero, Manuel V. 
700 1 |a Torre Revello, José. 
700 1 |a Verdaguer, Monseñor José A. 
700 1 |a Falcao Espalter, Mario. 
700 1 |a Furlong Cardiff, Guillermo S. J. 
650 7 |a HISTORIA ARGENTINA 
859 |a DERECHO  |b BIB. DERECHO  |h 982  |i ACA  |p 0010137  |v III  |3 Vol. III